[Event "BUL-ch U20 Girls"]
[Site "Sofia"]
[Date "2023.02.04"]
[Round "6"]
[White "Karaivanova, Petya F"]
[Black "Nenova, Andzhelika"]
[Result "0-1"]
[WhiteElo "1875"]
[BlackElo "1607"]
[PlyCount "64"]
[EventDate "2023.02.01"]
[EventType "tourn"]
[EventRounds "7"]
[EventCountry "BUL"]
[SourceTitle "CBM 212 Extra"]
[Source "ChessBase"]
[SourceDate "2023.03.31"]
[SourceVersion "1"]
[SourceVersionDate "2023.03.31"]
[SourceQuality "1"]

1. e4 c5 2. Nf3 Nc6 3. d4 cxd4 4. Nxd4 Nf6 5. Nc3 e5 6. Ndb5 d6 7. Bg5 a6 8. Na3 b5 9. Nd5 Be7 10. Bxf6 Bxf6 11. c3 0-0 12. Nc2 Rb8 13. Nce3 Bg5 14. b3 Ne7 15. a4 Nxd5 16. Nxd5 f5 17. h4 Bh6 18. axb5 axb5 19. Ra7 fxe4 20. g4 Bf4 21. Bg2 e3 22. Qd3 exf2+ 23. Kf1 Kh8 24. Be4 Bb7 25. h5 Bxd5 26. h6 g6 27. Qxd5 Qb6 28. Rb7 Qe3 29. Kg2 f1Q+ 30. Kxf1 Bxh6+ 31. Kg2 Rf2+ 32. Kg1 Qe1# 0-1

[Event "BUL-ch (Women)"]
[Site "Sofia"]
[Date "2023.01.26"]
[Round "6"]
[White "Krasteva, Beloslava"]
[Black "Nenova, Andzhelika"]
[Result "1-0"]
[WhiteElo "2292"]
[BlackElo "1607"]
[PlyCount "53"]
[EventDate "2023.01.21"]
[EventType "swiss"]
[EventRounds "9"]
[EventCountry "BUL"]
[SourceTitle "CBM 212 Extra"]
[Source "ChessBase"]
[SourceDate "2023.03.31"]
[SourceVersion "1"]
[SourceVersionDate "2023.03.31"]
[SourceQuality "1"]

1. d4 d5 2. Nf3 Nf6 3. Bf4 e6 4. e3 Bd6 5. Ne5 0-0 6. Nd2 c5 7. c3 Qc7 8. Bd3 Nbd7 9. Ndf3 b6 10. h4 Bb7 11. h5 c4 12. Bc2 Ne4 13. Nxd7 Qxd7 14. Ne5 Qc7 15. Qg4 Kh8 16. Bxe4 dxe4 17. Ng6+ Kg8 18. Nxf8 Kxf8 19. Bxd6+ Qxd6 20. Rh3 e5 21. Rg3 g6 22. 0-0-0 b5 23. dxe5 Qa6 24. hxg6 hxg6 25. Rd7 b4 26. Qg5 Qe6 27. Rxb7 1-0